| 000 | 00481nam a2200181Ia 4500 | ||
|---|---|---|---|
| 005 | 20250508151017.0 | ||
| 008 | 008 250505s9999 xx 000 0 eng d | ||
| 037 | _aTextual | ||
| 040 |
_aFEDL _beng _cFEDL |
||
| 041 |
_aeng _2eng |
||
| 084 |
_a378, JOS _qFEDL |
||
| 100 | _aJoshi K L | ||
| 245 | 0 | _aMemorandum submitted to the Maharashtra university committee, 1942 | |
| 260 | _c1942 | ||
| 300 | _a32p. | ||
| 942 |
_cTEXL _h378, JOS |
||
| 999 |
_c1327035 _d1327035 |
||